His Maiesties declaration to all his loving svbiects : published with the advice of his Privie Councell.

Bibliographic Details
Corporate Author: England and Wales. Sovereign (1625-1649 : Charles I)
Other Authors: Charles I, King of England, 1600-1649
Format: Microform Book
Language:English
Published: London printed : [publisher not identified], 1641.
Series:Early English books, 1641-1700 ; 1184:16.
Subjects:

MARC

Tag First Indicator Second Indicator Subfields
LEADER 00000cam a2200000 a 4500
001 in00000968148
005 20150927070557.0
007 hd afv|||baca
007 hd bfv|||baaa
008 870422s1641 miu a 00010 eng d
035 |a (OCoLC)15565084 
035 |9 AEU6988AM 
037 |a CL0037000039  |b University Microfilms International 
037 |b University Microfilms International, 300 N. Zeeb Rd., Ann Arbor, MI 48106 
040 |a EAK  |c EAK  |d m/c  |d UMI  |d UtOrBLW 
043 |a e-uk-en 
045 2 |b d1625  |b d1649 
049 |a TXAI 
090 |a DA397  |b .E53 
099 |a film   |a  B   |a  3609 
110 1 |a England and Wales.  |b Sovereign (1625-1649 : Charles I) 
245 1 0 |a His Maiesties declaration to all his loving svbiects :  |b published with the advice of his Privie Councell. 
264 1 |a London printed :  |b [publisher not identified],  |c 1641. 
300 |a 2 unnumbered pages, 6 pages 
336 |a text  |b txt  |2 rdacontent 
337 |a microform  |b h  |2 rdamedia 
338 |a microfilm reel  |b hd  |2 rdacarrier 
500 |a Imperfect: faded and stained, with some loss of print. 
500 |a Reproduction of original in the Huntington Library. 
510 4 |a Wing  |c C2249A 
533 |a Microfilm.  |b Ann Arbor, Mich. :  |c University Microfilms International,  |d 1981.  |e 1 microfilm reel ; 35 mm.  |f (Early English books, 1641-1700 ; 1184:16) 
500 |a Microform. 
610 1 0 |a England and Wales.  |b Parliament.  |b House of Commons.  |t Grand remonstrance. 
651 0 |a Great Britain  |x History  |y Charles I, 1625-1649. 
700 0 |a Charles  |b I,  |c King of England,  |d 1600-1649. 
740 0 |a His Majesties declaration to all his loving subjects. 
830 0 |a Early English books, 1641-1700 ;  |v 1184:16. 
999 |a MARS 
999 f f |s 2b5712cf-3cca-3484-8b9b-777706c22f6f  |i 9f5f9ec5-9ca7-3894-8ea9-aecb7d24bbb6  |t 0 
952 f f |p default  |a Texas A&M University  |b College Station  |c Sterling C. Evans Library  |d Evans: Microforms (3rd floor)  |t 0  |e film B 3609 1184:16  |h Other scheme  |i microform -- microfilm reel 
998 f f |a film B 3609 1184:16  |t 0  |l Evans: Microforms (3rd floor)